000 00610nam a2200229Ia 4500
003 OSt
005 20220926043824.0
006 a|||||r|||| 00| 0
007 ta
008 220923b |||||||| |||| 00| 0 eng d
037 _cGeneral Book
040 _aRTL
_cRTL
_beng
041 _2eng
_aeng
082 _aW0u, J1
100 _aSeymour Charles
245 0 _aGeography, justice and politics at the Paris confe
260 _c1951
490 _aBowman Memorial Lectures Series; 1
650 _aPolitical Science
942 _hW0u, J1
_cGB
_2CC
999 _c673288
_d673288